000 00450nam a2200169Ia 4500
008 140529s9999 xx 000 0 und d
020 _a1845574451
050 _aBJ 1480
_b.J25 2005
100 _aJain, R. K.
245 4 _aThe art of happy living /
_cR K Jain
260 _aUSA ; UK ; India :
_bNew Dawn Press, Inc.,
_cc2005.
300 _a124 p. ;
_c22 cm.
521 _aGE
650 _aConduct of life.
942 _kFOR
_cBK
999 _c117715
_d117715